| 000 | 00357nam a2200133Ia 4500 | ||
|---|---|---|---|
| 008 | 240624s9999 xx 000 0 und d | ||
| 041 | _aeng | ||
| 082 | _a658.15 FAB | ||
| 100 | _aFABOZZI FRANK J | ||
| 245 | _aHANDBOOK OF EMERGING FIXED INCOME AND CU | ||
| 260 |
_c1997 _aPennsylvania _bJohn Wiley and Sons |
||
| 300 | _a229 : p. : cm. ; 24 | ||
| 365 |
_c _b30 |
||
| 999 |
_c10591 _d10591 |
||